[Event "BI-2014-P-0023"]
[Site "LSS email"]
[Date "2014.04.19"]
[Round "?"]
[White "Pascual Perez, Norge"]
[Black "Alonso, Raul"]
[Result "1-0"]
[WhiteElo "2266"]
[BlackElo "970"]
[PlyCount "53"]
[EventDate "2014.04.25"]
[EventType "tourn (corr)"]
[EventRounds "10"]
[EventCountry "GER"]
[SourceTitle "Corr 2015"]
[Source "ChessBase"]
[SourceDate "2015.07.17"]
[SourceVersion "1"]
[SourceVersionDate "2015.07.17"]
[SourceQuality "1"]

1. e4 e5 2. Nf3 Nc6 3. Bc4 Bc5 4. c3 Nf6 5. d3 0-0 6. 0-0 d6 7. Bb3 h6 8. Nbd2 Bg4 9. h3 Bh5 10. a4 a5 11. Re1 Re8 12. Nf1 Bg6 13. Bd2 d5 14. exd5 Nxd5 15. d4 exd4 16. Rxe8+ Qxe8 17. Bxd5 dxc3 18. Bxc6 Qxc6 19. Bxc3 Qb6 20. Qd2 c6 21. Ne5 Rd8 22. Nd7 Bxf2+ 23. Kh1 Qc7 24. Nf6+ gxf6 25. Qxf2 Rd5 26. Qxf6 Rf5 27. Qg7# 1-0

[Event "SF-2014-0-00227"]
[Site "LSS email"]
[Date "2014.03.13"]
[Round "?"]
[White "Alonso, Raul"]
[Black "Verich, Oleg"]
[Result "1/2-1/2"]
[WhiteElo "970"]
[BlackElo "1027"]
[PlyCount "86"]
[EventDate "2014.02.12"]
[EventType "tourn (corr)"]
[EventRounds "6"]
[EventCountry "GER"]
[SourceTitle "Corr 2015"]
[Source "ChessBase"]
[SourceDate "2015.07.17"]
[SourceVersion "1"]
[SourceVersionDate "2015.07.17"]
[SourceQuality "1"]

1. e4 e5 2. Nf3 Nc6 3. Bb5 Nd4 4. Nxd4 exd4 5. 0-0 c6 6. Bc4 g6 7. d3 Bg7 8. Bf4 d6 9. Nd2 Ne7 10. Qf3 0-0 11. Rfe1 Be6 12. Bb3 Be5 13. Bh6 Bg7 14. Bxe6 fxe6 15. Qh3 Qc8 16. Bxg7 Kxg7 17. Nf3 e5 18. Ng5 Qxh3 19. Nxh3 b5 20. Rf1 d5 21. f4 dxe4 22. dxe4 exf4 23. Nxf4 Kh6 24. Rf3 Rf6 25. Raf1 Raf8 26. h4 c5 27. g4 g5 28. hxg5+ Kxg5 29. Ne6+ Rxe6 30. Rxf8 Rxe4 31. R1f2 Rxg4+ 32. Rg2 h5 33. Rf7 Nf5 34. Rxa7 Rxg2+ 35. Kxg2 Ne3+ 36. Kf2 Nxc2 37. a4 bxa4 38. Rxa4 Kg4 39. Rc4 Nb4 40. Kg2 Kf4 41. Rxc5 Nd3 42. Rxh5 Nxb2 43. Rd5 Ke4 1/2-1/2

[Event "SF-2014-0-00227"]
[Site "LSS email"]
[Date "2014.03.13"]
[Round "?"]
[White "Alonso, Raul"]
[Black "Vontina, Maria"]
[Result "1-0"]
[WhiteElo "970"]
[BlackElo "670"]
[PlyCount "39"]
[EventDate "2014.02.12"]
[EventType "tourn (corr)"]
[EventRounds "6"]
[EventCountry "GER"]
[SourceTitle "Corr 2015"]
[Source "ChessBase"]
[SourceDate "2015.07.17"]
[SourceVersion "1"]
[SourceVersionDate "2015.07.17"]
[SourceQuality "1"]

1. e4 e6 2. d4 d5 3. Nc3 Bb4 4. e5 c5 5. a3 Bxc3+ 6. bxc3 Ne7 7. Nf3 Qa5 8. Bd2 c4 9. Be2 0-0 10. 0-0 Bd7 11. Bg5 Ng6 12. Qd2 Ba4 13. Rfc1 Nc6 14. h4 Nh8 15. h5 Qc7 16. h6 Ng6 17. hxg7 Rfe8 18. Bf6 Nce7 19. g4 a6 20. Qh6 1-0

[Event "SF-2013-0-00222"]
[Site "LSS email"]
[Date "2014.02.06"]
[Round "?"]
[White "Grimm, Wolfgang"]
[Black "Alonso, Raul"]
[Result "1-0"]
[WhiteElo "1288"]
[BlackElo "970"]
[PlyCount "79"]
[EventDate "2013.12.30"]
[EventType "tourn (corr)"]
[EventRounds "6"]
[EventCountry "GER"]
[SourceTitle "Corr 2015"]
[Source "ChessBase"]
[SourceDate "2015.07.17"]
[SourceVersion "1"]
[SourceVersionDate "2015.07.17"]
[SourceQuality "1"]

1. c4 Nf6 2. Nc3 e5 3. Nf3 Nc6 4. e4 Bb4 5. d3 0-0 6. a3 Bxc3+ 7. bxc3 d6 8. Be2 h6 9. 0-0 Bg4 10. h3 Bh5 11. Be3 Qe7 12. Rb1 Rab8 13. Re1 Bg6 14. Nh4 Bh7 15. g3 b6 16. Bf1 Qd7 17. Bg2 Rbe8 18. Qf3 Ne7 19. Bxh6 gxh6 20. Qxf6 Qe6 21. Qxe6 fxe6 22. d4 Nc6 23. Red1 Rf7 24. c5 Ref8 25. cxd6 cxd6 26. dxe5 Nxe5 27. Rxd6 Rxf2 28. Rxe6 Nc4 29. Rxh6 Nd2 30. Re1 Kg7 31. Rd6 Nc4 32. Rd4 Nxa3 33. Ra4 Nb5 34. c4 Nd6 35. Rxa7+ Kh8 36. e5 Nxc4 37. e6 Nd6 38. Rd7 Ne8 39. e7 R8f6 40. Rd8 1-0

[Event "RF-2013-0-00176"]
[Site "LSS email"]
[Date "2014.01.21"]
[Round "?"]
[White "Alonso, Raul"]
[Black "Kratky, Josef"]
[Result "0-1"]
[WhiteElo "1007"]
[BlackElo "1177"]
[PlyCount "82"]
[EventDate "2013.12.19"]
[EventType "tourn (corr)"]
[EventRounds "6"]
[EventCountry "GER"]
[SourceTitle "Telechess CBM 167"]
[Source "ChessBase"]
[SourceDate "2015.07.13"]
[SourceVersion "1"]
[SourceVersionDate "2015.07.13"]
[SourceQuality "1"]

1. d4 Nf6 2. c4 c5 3. d5 b5 4. Nf3 bxc4 5. Nc3 d6 6. e4 g6 7. Bxc4 Bg7 8. h3 0-0 9. 0-0 Nbd7 10. Bf4 Nb6 11. Bd3 Rb8 12. Rb1 e5 13. dxe6 fxe6 14. e5 Nfd5 15. Nxd5 Nxd5 16. Bg3 dxe5 17. Nxe5 Bxe5 18. Bxe5 Rb4 19. a3 Rb7 20. Qc2 Qg5 21. Bg3 Nf4 22. Bc4 Re7 23. Rfe1 Bb7 24. Rbd1 Bxg2 25. Bxe6+ Nxe6 26. Kxg2 Ref7 27. Kh2 Nd4 28. Rxd4 cxd4 29. Qc4 d3 30. Rd1 Rd8 31. Rxd3 Rxd3 32. Qxd3 Qf5 33. Qc4 h5 34. h4 Kh7 35. Kg2 Qf3+ 36. Kh2 Rb7 37. Qd4 Qb3 38. Be5 Qf7 39. Qd8 Qxf2+ 40. Kh3 Qf5+ 41. Kg2 Qxe5 0-1

[Event "SF-2013-0-00209"]
[Site "LSS email"]
[Date "2013.10.10"]
[Round "?"]
[White "Alonso, Raul"]
[Black "Slavin, Pablo"]
[Result "1/2-1/2"]
[WhiteElo "1007"]
[BlackElo "1070"]
[PlyCount "46"]
[EventDate "2013.09.02"]
[EventType "tourn (corr)"]
[EventRounds "6"]
[EventCountry "GER"]
[SourceTitle "Telechess CBM 167"]
[Source "ChessBase"]
[SourceDate "2015.07.13"]
[SourceVersion "1"]
[SourceVersionDate "2015.07.13"]
[SourceQuality "1"]

1. e4 e5 2. Nf3 Nc6 3. Bb5 f5 4. Nc3 fxe4 5. Nxe4 d5 6. Nxe5 dxe4 7. Nxc6 Qg5 8. Qe2 Nf6 9. Nxa7+ Bd7 10. Bxd7+ Kxd7 11. Qb5+ Qxb5 12. Nxb5 Bc5 13. Nc3 Rhf8 14. 0-0 Rae8 15. d3 exd3 16. cxd3 Ng4 17. Ne4 Rxe4 18. dxe4 Nxf2 19. Rxf2 Bxf2+ 20. Kh1 Be1 21. Kg1 Bf2+ 22. Kf1 Bg3+ 23. Kg1 Bf2+ 1/2-1/2

[Event "SF-2013-0-00209"]
[Site "LSS email"]
[Date "2013.10.10"]
[Round "?"]
[White "Meyer, Frank"]
[Black "Alonso, Raul"]
[Result "1-0"]
[WhiteElo "812"]
[BlackElo "1007"]
[PlyCount "91"]
[EventDate "2013.09.02"]
[EventType "tourn (corr)"]
[EventRounds "6"]
[EventCountry "GER"]
[SourceTitle "Telechess CBM 167"]
[Source "ChessBase"]
[SourceDate "2015.07.13"]
[SourceVersion "1"]
[SourceVersionDate "2015.07.13"]
[SourceQuality "1"]

1. d4 Nf6 2. c4 g6 3. Nf3 Bg7 4. Nc3 0-0 5. Bf4 c5 6. d5 d6 7. e4 Nbd7 8. Bd3 a6 9. a3 Qc7 10. 0-0 Ng4 11. Bg3 Nde5 12. Nxe5 Nxe5 13. Be2 Bd7 14. f4 Nxc4 15. Bxc4 b5 16. Ba2 a5 17. Qe2 b4 18. axb4 axb4 19. Nd1 b3 20. Nc3 bxa2 21. Nxa2 Qb6 22. Nc3 Bxc3 23. bxc3 Bb5 24. c4 Bd7 25. Rab1 Qc7 26. Rb2 Ra7 27. Rfb1 Rfa8 28. Bh4 h5 29. h3 f6 30. Bg3 e5 31. fxe5 fxe5 32. Kh2 Kg7 33. Qf3 Ba4 34. Bh4 Rf8 35. Qe2 Bd7 36. Rb6 Rfa8 37. Be7 Bxh3 38. Bxd6 Qc8 39. Bxe5+ Kh7 40. gxh3 Ra2 41. R6b2 R2a7 42. Bg3 Qf8 43. Rb7+ Rxb7 44. Rxb7+ Kh6 45. Qd2+ g5 46. h4 1-0

[Event "SF-2013-0-00209"]
[Site "LSS email"]
[Date "2013.10.10"]
[Round "?"]
[White "Pehl, Ferenc"]
[Black "Alonso, Raul"]
[Result "1/2-1/2"]
[WhiteElo "912"]
[BlackElo "1007"]
[PlyCount "68"]
[EventDate "2013.09.02"]
[EventType "tourn (corr)"]
[EventRounds "6"]
[EventCountry "GER"]
[SourceTitle "Telechess CBM 167"]
[Source "ChessBase"]
[SourceDate "2015.07.13"]
[SourceVersion "1"]
[SourceVersionDate "2015.07.13"]
[SourceQuality "1"]

1. e4 c5 2. Nf3 d6 3. d4 cxd4 4. Nxd4 Nf6 5. Nc3 a6 6. Bd3 e6 7. Nf3 Nc6 8. 0-0 Be7 9. h3 0-0 10. a3 Qc7 11. Re1 b5 12. Bd2 Bb7 13. Qe2 Rfd8 14. Rab1 h6 15. Bf4 e5 16. Bh2 Qb6 17. Kf1 Rac8 18. Bg1 Nb8 19. Nd2 Nbd7 20. f4 Qc7 21. f5 Nc5 22. Bxc5 Qxc5 23. Nb3 Qb6 24. Qe3 Qxe3 25. Rxe3 Rc7 26. Rd1 Nd7 27. Na5 Ba8 28. Nb3 Nc5 29. Nxc5 dxc5 30. Be2 Rdc8 31. Nd5 Bxd5 32. Rxd5 Bf6 33. Red3 c4 34. Rd1 Rb7 1/2-1/2

[Event "IECC CL0-2013.00 email"]
[Site "IECC email"]
[Date "2013.09.19"]
[Round "?"]
[White "Alonso, Raul"]
[Black "Verich, Oleg"]
[Result "0-1"]
[WhiteElo "1194"]
[BlackElo "1155"]
[PlyCount "88"]
[EventDate "2013.08.04"]
[EventType "tourn (corr)"]
[EventRounds "4"]
[SourceTitle "Corr 2022"]
[Source "ChessBase"]
[SourceDate "2021.10.24"]
[SourceVersion "1"]
[SourceVersionDate "2021.10.24"]
[SourceQuality "1"]

1. e4 e5 2. Nf3 Nf6 3. Nxe5 d6 4. Nf3 Nxe4 5. d4 d5 6. Bd3 Bg4 7. h3 Bh5 8. 0-0 Be7 9. c4 c6 10. Nc3 Nxc3 11. bxc3 dxc4 12. Bxc4 0-0 13. Re1 Bf6 14. Bf4 b5 15. Bb3 a5 16. a3 Na6 17. Qd3 Bg6 18. Qd2 c5 19. Ne5 c4 20. Nxg6 hxg6 21. Bc2 Nc7 22. Be4 Ra7 23. Bf3 Nd5 24. Bg3 Be7 25. Re5 Rd7 26. Ree1 Bf6 27. Reb1 Nxc3 28. Qxc3 Bxd4 29. Qc2 Bxa1 30. Rxa1 Qb6 31. Re1 Rd3 32. Qb2 Rb3 33. Qa2 b4 34. axb4 axb4 35. Rc1 Qe6 36. Be2 c3 37. Bd6 Rd8 38. Bd1 Rb2 39. Qxe6 fxe6 40. Be5 Rdd2 41. Bg3 c2 42. Bf3 Rb1 43. Bf4 Rxc1+ 44. Kh2 Rdd1 0-1

[Event "ZN-2013-0-02372"]
[Site "LSS email"]
[Date "2013.07.17"]
[Round "?"]
[White "Chamberlain, Edwin"]
[Black "Alonso, Raul"]
[Result "0-1"]
[WhiteElo "945"]
[BlackElo "1024"]
[PlyCount "48"]
[EventDate "2013.07.11"]
[EventType "match (corr)"]
[EventRounds "2"]
[EventCountry "GER"]
[SourceTitle "Telechess CBM 163"]
[Source "ChessBase"]
[SourceDate "2014.11.11"]
[SourceVersion "2"]
[SourceVersionDate "2014.11.11"]
[SourceQuality "1"]

1. d4 Nf6 2. c4 e6 3. Nc3 Bb4 4. Qc2 0-0 5. a3 Bxc3+ 6. Qxc3 h6 7. Qc2 d5 8. e3 Nc6 9. Nf3 a6 10. Bd3 Bd7 11. 0-0 Kh8 12. b4 Ne7 13. Ne5 c6 14. f3 Rc8 15. e4 Be8 16. g4 dxe4 17. Nxf7+ Bxf7 18. fxe4 Qxd4+ 19. Kh1 Qxa1 20. Bb2 Qxf1+ 21. Bxf1 Nxg4 22. Qg2 Nf6 23. Bd3 Rcd8 24. Qe2 Bh5 0-1

[Event "IECC CL0-2013.00 email"]
[Site "IECC email"]
[Date "2013.07.01"]
[Round "?"]
[White "Alonso, Raul"]
[Black "Slavin, Pablo"]
[Result "0-1"]
[WhiteElo "1149"]
[BlackElo "1263"]
[PlyCount "56"]
[EventDate "2013.06.02"]
[EventType "tourn (corr)"]
[EventRounds "4"]
[SourceTitle "Corr 2022"]
[Source "ChessBase"]
[SourceDate "2021.10.24"]
[SourceVersion "1"]
[SourceVersionDate "2021.10.24"]
[SourceQuality "1"]

1. e4 c5 2. Nf3 Nc6 3. Bb5 e6 4. c3 Qc7 5. 0-0 Nge7 6. Re1 a6 7. Ba4 b5 8. Bc2 Bb7 9. d4 cxd4 10. cxd4 Rc8 11. d5 Nb4 12. d6 Qxc2 13. dxe7 Bxe7 14. Bd2 Qxd1 15. Rxd1 Nc2 16. Nc3 Nxa1 17. Rxa1 b4 18. Ne2 Bxe4 19. Ng3 Bxf3 20. gxf3 Rc2 21. Be3 0-0 22. b3 d5 23. Kf1 Bf6 24. Rd1 Rxa2 25. Bc5 Ra8 26. Bxb4 a5 27. Bd2 Rb2 28. Ra1 Rxd2 0-1

[Event "IECC CL0-2013.00 email"]
[Site "IECC email"]
[Date "2013.06.30"]
[Round "?"]
[White "Alonso, Raul"]
[Black "Malyszek, Tomasz"]
[Result "1-0"]
[WhiteElo "1149"]
[BlackElo "992"]
[PlyCount "54"]
[EventDate "2013.06.02"]
[EventType "tourn (corr)"]
[EventRounds "4"]
[SourceTitle "Corr 2022"]
[Source "ChessBase"]
[SourceDate "2021.10.24"]
[SourceVersion "1"]
[SourceVersionDate "2021.10.24"]
[SourceQuality "1"]

1. d4 d5 2. c4 dxc4 3. Nf3 e6 4. Nc3 Be7 5. e4 Nf6 6. Bxc4 c6 7. 0-0 0-0 8. Bf4 b5 9. Bd3 Bb7 10. Be3 Nbd7 11. a3 a6 12. Bc2 Qc7 13. Qd3 e5 14. Rac1 Rad8 15. Qe2 exd4 16. Nxd4 c5 17. Nf5 Ne5 18. Nxe7+ Qxe7 19. f3 Bc6 20. Qf2 Nfd7 21. Rfd1 b4 22. axb4 cxb4 23. Na4 Nc4 24. Bd4 Qg5 25. Bb3 Na5 26. Nc5 Nxc5 27. Rxc5 Nxb3 1-0

[Event "IECC CL0-2013.00 email"]
[Site "IECC email"]
[Date "2013.06.29"]
[Round "?"]
[White "Guaimare Rodriguez, Carlos Luis"]
[Black "Alonso, Raul"]
[Result "1/2-1/2"]
[WhiteElo "1086"]
[BlackElo "1149"]
[PlyCount "82"]
[EventDate "2013.06.02"]
[EventType "tourn (corr)"]
[EventRounds "4"]
[SourceTitle "Corr 2022"]
[Source "ChessBase"]
[SourceDate "2021.10.24"]
[SourceVersion "1"]
[SourceVersionDate "2021.10.24"]
[SourceQuality "1"]

1. e4 e6 2. d4 d5 3. Nd2 c5 4. exd5 exd5 5. Ngf3 Nf6 6. Bb5+ Nc6 7. 0-0 a6 8. Be2 Be6 9. h3 cxd4 10. Nb3 Qc7 11. Nbxd4 Bc5 12. c3 0-0 13. Bg5 Ne4 14. Be3 Rad8 15. Nxe6 fxe6 16. Bxc5 Nxc5 17. Qc2 Qe7 18. Rfe1 Qf6 19. Bf1 Rde8 20. Rad1 Ne4 21. c4 Qf7 22. cxd5 exd5 23. a3 Kh8 24. Qd3 Rd8 25. Be2 Qc7 26. Qb1 Qb6 27. Rf1 Rfe8 28. Bd3 Nf6 29. Bf5 Ne5 30. Nxe5 Rxe5 31. Rfe1 Rde8 32. Rxe5 Rxe5 33. b4 Re2 34. Rf1 Ne4 35. Bxe4 dxe4 36. Qd1 Ra2 37. Qd7 h6 38. Qe8+ Kh7 39. Qxe4+ Kh8 40. Qe8+ Kh7 41. Qe4+ Kh8 1/2-1/2

[Event "IECC CL0-2013.00 email"]
[Site "IECC email"]
[Date "2013.06.28"]
[Round "?"]
[White "Alonso, Raul"]
[Black "Raines, David T"]
[Result "1-0"]
[WhiteElo "1149"]
[BlackElo "1209"]
[PlyCount "27"]
[EventDate "2013.06.02"]
[EventType "tourn (corr)"]
[EventRounds "4"]
[SourceTitle "Corr 2022"]
[Source "ChessBase"]
[SourceDate "2021.10.24"]
[SourceVersion "1"]
[SourceVersionDate "2021.10.24"]
[SourceQuality "1"]

1. e4 d6 2. d4 Nc6 3. Nf3 e5 4. Bb5 exd4 5. Qxd4 Bd7 6. Bxc6 Bxc6 7. Nc3 Nf6 8. 0-0 Be7 9. Re1 0-0 10. Bf4 Ng4 11. Rad1 Bf6 12. Qd3 Qc8 13. Nd5 Bxb2 14. Ne7+ 1-0

[Event "RN-2013-0-00651"]
[Site "LSS email"]
[Date "2013.06.04"]
[Round "?"]
[White "Alonso, Raul"]
[Black "Venturas, Bob"]
[Result "1-0"]
[WhiteElo "1024"]
[BlackElo "731"]
[PlyCount "79"]
[EventDate "2013.05.21"]
[EventType "tourn (corr)"]
[EventRounds "6"]
[EventCountry "GER"]
[SourceTitle "Telechess CBM 161"]
[Source "ChessBase"]
[SourceDate "2014.07.16"]
[SourceVersion "1"]
[SourceVersionDate "2014.07.16"]
[SourceQuality "1"]

1. e4 e5 2. Nf3 Nc6 3. d4 exd4 4. Nxd4 Qf6 5. Be3 Bc5 6. c3 Bxd4 7. cxd4 d6 8. Nc3 Nge7 9. Bb5 Bd7 10. Qb3 0-0 11. 0-0-0 a6 12. Be2 Ng6 13. Nd5 Qd8 14. Qc2 Rc8 15. Bc4 Nce7 16. Qe2 c6 17. Nc3 d5 18. Bd3 Re8 19. Kb1 b5 20. e5 Nf8 21. f4 Nfg6 22. g4 Kf8 23. h4 Ng8 24. g5 Qa5 25. f5 Nh8 26. Qd2 b4 27. Ne2 Ne7 28. Rdf1 Qb6 29. h5 a5 30. e6 Qa7 31. exd7 Qxd7 32. g6 f6 33. gxh7 Kf7 34. Rhg1 Rf8 35. Nc1 Ra8 36. Nb3 Rfb8 37. Nc5 Qc8 38. Qg2 g5 39. fxg6+ Kg7 40. h6+ 1-0

[Event "OP-2013-0-02798"]
[Site "LSS email"]
[Date "2013.05.25"]
[Round "?"]
[White "Alonso, Raul"]
[Black "Novoa, Nicolas"]
[Result "1-0"]
[WhiteElo "1024"]
[BlackElo "374"]
[PlyCount "51"]
[EventDate "2013.05.21"]
[EventType "tourn (corr)"]
[EventRounds "4"]
[EventCountry "GER"]
[SourceTitle "Telechess CBM 161"]
[Source "ChessBase"]
[SourceDate "2014.07.16"]
[SourceVersion "1"]
[SourceVersionDate "2014.07.16"]
[SourceQuality "1"]

1. d4 d5 2. c4 Nf6 3. g3 c5 4. dxc5 d4 5. Bg2 Nh5 6. Nf3 e5 7. Nxe5 Nf6 8. Nd2 Qe7 9. Nd3 Nc6 10. 0-0 Be6 11. b3 g5 12. Bb2 b5 13. Bxc6+ Nd7 14. Bxa8 Rg8 15. cxb5 f5 16. Bxd4 Bg7 17. Bxg7 Rxg7 18. b4 Rg6 19. f4 Qd8 20. Bc6 Qc8 21. Nf3 Qb8 22. Nde5 Rf6 23. Bxd7+ Ke7 24. Bxe6 Rxe6 25. Qd7+ Kf6 26. Qf7# 1-0

[Event "OP-2013-0-02798"]
[Site "LSS email"]
[Date "2013.05.25"]
[Round "?"]
[White "Vontina, Maria"]
[Black "Alonso, Raul"]
[Result "1-0"]
[WhiteElo "772"]
[BlackElo "1024"]
[PlyCount "71"]
[EventDate "2013.05.21"]
[EventType "tourn (corr)"]
[EventRounds "4"]
[EventCountry "GER"]
[SourceTitle "Telechess CBM 161"]
[Source "ChessBase"]
[SourceDate "2014.07.16"]
[SourceVersion "1"]
[SourceVersionDate "2014.07.16"]
[SourceQuality "1"]

1. e4 c5 2. Nf3 d6 3. d4 cxd4 4. Nxd4 Nf6 5. Nc3 a6 6. Be3 Nc6 7. Nxc6 bxc6 8. Be2 e5 9. 0-0 Bb7 10. f3 Be7 11. Qd2 d5 12. exd5 cxd5 13. Bf2 0-0 14. a3 Qc7 15. Rac1 Rad8 16. Na4 Nd7 17. Rfd1 d4 18. c3 Qa5 19. Qc2 Bc6 20. b3 Bxa4 21. bxa4 Rc8 22. Qb3 Nc5 23. Qb4 Qxb4 24. cxb4 Nxa4 25. Bxa6 Rcd8 26. Rc7 Bd6 27. Rc6 Nc3 28. Rd3 Rfe8 29. Bc4 e4 30. fxe4 Rxe4 31. Rxd4 Rxd4 32. Bxd4 Ne4 33. Bb6 Ra8 34. Bc5 Nxc5 35. Rxd6 Rxa3 36. Rd8# 1-0

[Event "SN-2013-0-00509"]
[Site "LSS email"]
[Date "2013.05.10"]
[Round "?"]
[White "Alonso, Raul"]
[Black "Puri, Chaand"]
[Result "1-0"]
[WhiteElo "1029"]
[BlackElo "588"]
[PlyCount "67"]
[EventDate "2013.04.19"]
[EventType "tourn (corr)"]
[EventRounds "6"]
[EventCountry "GER"]
[SourceTitle "Telechess CBM 163"]
[Source "ChessBase"]
[SourceDate "2014.11.11"]
[SourceVersion "2"]
[SourceVersionDate "2014.11.11"]
[SourceQuality "1"]

1. e4 e5 2. Nf3 Nc6 3. Bb5 a6 4. Ba4 b5 5. Bb3 Nh6 6. 0-0 Bc5 7. c3 0-0 8. d4 exd4 9. cxd4 Be7 10. Nc3 d6 11. Qd3 b4 12. Nd5 a5 13. Nxe7+ Qxe7 14. Re1 a4 15. Bd5 Ba6 16. Qc2 Bb5 17. Bxc6 Bxc6 18. Qxc6 Qe8 19. Qxc7 Qe6 20. e5 Rac8 21. Qxd6 Nf5 22. Qxb4 Rc4 23. Qd2 Qd5 24. b3 axb3 25. axb3 Rc6 26. Bb2 h6 27. Qd3 g5 28. Qxf5 Qxb3 29. Bc1 Rc2 30. Bxg5 Rfc8 31. Bxh6 R8c6 32. Ra8+ Rc8 33. Qg5+ Kh7 34. Qg7# 1-0

[Event "LSS No Engine Cup 86 Preliminary 5"]
[Site "LSS email"]
[Date "2013.04.21"]
[Round "?"]
[White "Herzog, Klaus"]
[Black "Alonso, Raul"]
[Result "1-0"]
[WhiteElo "1855"]
[BlackElo "1024"]
[PlyCount "49"]
[EventDate "2013.04.22"]
[EventType "tourn (corr)"]
[EventRounds "6"]
[EventCountry "GER"]
[SourceTitle "Telechess CBM 161"]
[Source "ChessBase"]
[SourceDate "2014.07.16"]
[SourceVersion "1"]
[SourceVersionDate "2014.07.16"]
[SourceQuality "1"]

1. d4 Nf6 2. c4 e6 3. Nc3 Bb4 4. f3 d5 5. a3 Be7 6. e4 dxe4 7. fxe4 c5 8. d5 exd5 9. cxd5 Bd6 10. Bb5+ Nbd7 11. Nf3 0-0 12. 0-0 h6 13. Bxd7 Nxd7 14. Be3 Qe7 15. Qd2 Kh7 16. Bf4 Ne5 17. Nxe5 Bxe5 18. d6 Qe6 19. Bxe5 Qxe5 20. d7 Rd8 21. Rxf7 Qe6 22. dxc8Q Raxc8 23. Qf4 Rd4 24. Rxb7 Kg8 25. Rf1 1-0

[Event "SN-2013-0-00502"]
[Site "LSS email"]
[Date "2013.04.16"]
[Round "?"]
[White "Alonso, Raul"]
[Black "Kaupat, Lothar"]
[Result "1-0"]
[WhiteElo "1029"]
[BlackElo "830"]
[PlyCount "43"]
[EventDate "2013.03.27"]
[EventType "tourn (corr)"]
[EventRounds "6"]
[EventCountry "GER"]
[SourceTitle "Telechess CBM 163"]
[Source "ChessBase"]
[SourceDate "2014.11.11"]
[SourceVersion "2"]
[SourceVersionDate "2014.11.11"]
[SourceQuality "1"]

1. d4 Nf6 2. c4 e6 3. g3 d5 4. Bg2 Be7 5. Nf3 0-0 6. 0-0 dxc4 7. Na3 Bxa3 8. bxa3 Bd7 9. Ne5 Bc6 10. Nxc6 Nxc6 11. Bb2 Nd5 12. e4 c3 13. Bc1 Nb6 14. d5 exd5 15. exd5 Ne7 16. Qg4 Ng6 17. Rd1 Re8 18. Be3 c2 19. Rd4 Re5 20. Rc1 Nxd5 21. Bf4 Nf6 22. Rxd8+ 1-0

[Event "SN-2013-0-00502"]
[Site "LSS email"]
[Date "2013.04.16"]
[Round "?"]
[White "Alonso, Raul"]
[Black "Martindale, Roger"]
[Result "1-0"]
[WhiteElo "1029"]
[BlackElo "592"]
[PlyCount "39"]
[EventDate "2013.03.27"]
[EventType "tourn (corr)"]
[EventRounds "6"]
[EventCountry "GER"]
[SourceTitle "Telechess CBM 163"]
[Source "ChessBase"]
[SourceDate "2014.11.11"]
[SourceVersion "2"]
[SourceVersionDate "2014.11.11"]
[SourceQuality "1"]

1. e4 e5 2. Nf3 d6 3. d4 Bd7 4. dxe5 dxe5 5. Nxe5 Nf6 6. Bc4 Be6 7. Qxd8+ Kxd8 8. Bxe6 Rg8 9. Bxf7 Rh8 10. Bb3 Kc8 11. Nf7 Rg8 12. 0-0 g5 13. Nxg5 Nxe4 14. Bxg8 Nf6 15. Be6+ Nbd7 16. Rd1 Kb8 17. Bxd7 Nxd7 18. Rxd7 b6 19. Bf4 h6 20. Ne6 1-0

[Event "SN-2013-0-00502"]
[Site "LSS email"]
[Date "2013.04.16"]
[Round "?"]
[White "Holmquist, Marson C"]
[Black "Alonso, Raul"]
[Result "0-1"]
[WhiteElo "610"]
[BlackElo "1029"]
[PlyCount "28"]
[EventDate "2013.03.27"]
[EventType "tourn (corr)"]
[EventRounds "6"]
[EventCountry "GER"]
[SourceTitle "Corr 2015"]
[Source "ChessBase"]
[SourceDate "2015.07.17"]
[SourceVersion "1"]
[SourceVersionDate "2015.07.17"]
[SourceQuality "1"]

1. e4 c5 2. Nf3 d6 3. Bc4 Nc6 4. Ng5 e6 5. Qf3 Qxg5 6. 0-0 Qf6 7. Qe3 Bd7 8. Nc3 Nh6 9. Nb5 Rc8 10. Nc3 Be7 11. a3 Ng4 12. Qe2 Nce5 13. Ba2 Qf4 14. d3 Qxh2# 0-1

[Event "SN-2013-0-00502"]
[Site "LSS email"]
[Date "2013.04.16"]
[Round "?"]
[White "Lombardi, Donato"]
[Black "Alonso, Raul"]
[Result "0-1"]
[WhiteElo "867"]
[BlackElo "1029"]
[PlyCount "56"]
[EventDate "2013.03.27"]
[EventType "tourn (corr)"]
[EventRounds "6"]
[EventCountry "GER"]
[SourceTitle "Telechess CBM 163"]
[Source "ChessBase"]
[SourceDate "2014.11.11"]
[SourceVersion "2"]
[SourceVersionDate "2014.11.11"]
[SourceQuality "1"]

1. e4 c5 2. Nf3 d6 3. d4 cxd4 4. Nxd4 Nf6 5. Nc3 g6 6. Be3 Bg7 7. Bd3 0-0 8. 0-0 Ng4 9. Qd2 Nxe3 10. fxe3 Nd7 11. Rad1 a6 12. Nd5 Ne5 13. Qf2 e6 14. Nc3 Bd7 15. Nde2 Qb6 16. b3 Ng4 17. Qf3 Nxe3 18. Na4 Bxa4 19. bxa4 Nxd1+ 20. Kh1 Nc3 21. Nxc3 Bxc3 22. h3 Be5 23. g4 Qb4 24. h4 Qxa4 25. h5 Qxa2 26. h6 Qa5 27. g5 Qd2 28. Rd1 Qh2# 0-1

[Event "ZN-2013-0-02251"]
[Site "LSS email"]
[Date "2013.03.30"]
[Round "?"]
[White "Alonso, Raul"]
[Black "Hendershot, Paul"]
[Result "1-0"]
[WhiteElo "1024"]
[BlackElo "497"]
[PlyCount "31"]
[EventDate "2013.03.24"]
[EventType "match (corr)"]
[EventRounds "2"]
[EventCountry "GER"]
[SourceTitle "Corr 2015"]
[Source "ChessBase"]
[SourceDate "2015.07.17"]
[SourceVersion "1"]
[SourceVersionDate "2015.07.17"]
[SourceQuality "1"]

1. e4 e5 2. Nf3 d6 3. d4 exd4 4. Qxd4 Nc6 5. Bb5 h6 6. e5 Bd7 7. Bxc6 Bxc6 8. Be3 Ne7 9. Nc3 Nf5 10. Qf4 Bd7 11. 0-0-0 dxe5 12. Nxe5 Bc6 13. Rxd8+ Rxd8 14. Qxf5 f6 15. Qe6+ Be7 16. Qf7# 1-0